LDR 00795naa#a2200181#i#450# 001 EN\\bibl\19946 005 20260701140143.3 100 ## _a20260630b2026####ek#y0engy0150####ca 102 ## _aRU 200 1# _aIPV4 PROTOCOL AS THE BASIS FOR ADDRESSING IN THE GLOBAL NETWORK _eConference article/thesis 210 1# _aVoronezh _cFSBE Institution of Higher Education Voronezh State University of Forestry and Technologies named after G.F. Morozov _d2026 215 ## _a6 с. 608 ## _aConference article/thesis _2local 675 ## _aИнформационные технологии. Компьютерные технологии. Теория вычислительных машин и систем. 004 _z 700 #1 _aIvenskii _gD. A. 700 #1 _aSemenko _gE. O. 700 #1 _aAksenova _gYa. V. 856 4# _abibl.vgltu.ru _u